Základy analýzy a syntézy ASŘ

Guardado en:
Detalles Bibliográficos
Autor principal: Vlček, Jaroslav
Formato: Libro
Lenguaje:checo
Publicado: Praha Inst. říz. 1987
Edición:1. vyd.
Etiquetas: Agregar Etiqueta
Sin Etiquetas, Sea el primero en etiquetar este registro!

MARC

LEADER 00000nam a2200000 4500
001 c030321
005 20221219103731.9
041 0 |a cze 
044 |a CZ 
245 1 0 |a Základy analýzy a syntézy ASŘ  |c Jaroslav Vlček 
250 |a 1. vyd. 
264 1 |a Praha  |b Inst. říz.  |c 1987 
300 |a 199 s. 
100 1 |a Vlček, Jaroslav